000 00641nam a22001937a 4500
003 0
005 20240214075232.0
008 240214b xxu||||| |||| 00| 0 eng d
020 _a978-3-030-17553-5
050 _aHD 20.5
_b.C36 2019
100 _aCanela, Miguel Angel
245 _aQuantitative methods for managemet : a practical approach
_cMiguel Angel Canela
260 _aSwitzerland
_bSpringer
_cc2019.
300 _axiii,144 pages ;
_c25 cm.
504 _aIncludes bibliographical references, index, and glossary.
650 _aOperations research.
650 _aIndustrial management--mathematical models.
942 _2lcc
_cBK
999 _c365922
_d365922